00490 2200169 4500001002100000005001500021035002000036008004100056245008600097260003400183300002200217020001800239084001500257082001100272650002300283990001400306INLIS00000000000005720260413035811 a0010-0317000055260413 0  a400 polymer clay designs : A Collection of dynamic and colorful contemporary work aNew York :bLark Books,c2004 a352 hlm. ;c21 cm a9781579904609 a731.42 Fou a731.42 aPOLYMER CLAY CRAFT a075407212